Robustné riadenie zásobníkov kvapaliny bakalárska práca
Guardado en:
| Autor principal: | |
|---|---|
| Formato: | Libro |
| Lenguaje: | eslovaco |
| Publicado: |
Bratislava
STU FCHPT
2014
|
| Acceso en línea: | Ver en el OPAC |
| Etiquetas: |
Sin Etiquetas, Sea el primero en etiquetar este registro!
|
MARC
| LEADER | 00000nam a2200000 a 4500 | ||
|---|---|---|---|
| 005 | 20260127134048.0 | ||
| 008 | 140925 2014 000 0 slo d | ||
| 035 | |a vtls010624302 | ||
| 039 | 9 | |y 201409251358 |z mschk03 | |
| 040 | |a STUSCHK1 |b slo |c STUSCHK1 |e AACR2 | ||
| 100 | 1 | |a Némethová, Timea | |
| 245 | 1 | |a Robustné riadenie zásobníkov kvapaliny |b bakalárska práca |c Timea Némethová | |
| 260 | |a Bratislava |b STU FCHPT |c 2014 | ||
| 300 | |a 68 s. |b obr., tab. |c 30 cm | ||
| 500 | |a Obhájené: 15.7.2014 | ||
| 500 | |a Štud. program: automatizácia, informatizácia a manažment v chémii a potravinárstve | ||
| 500 | |a Štud. odbor: automatizácia, priemyselné inžinierstvo | ||
| 500 | |a Školiace pracovisko: Ústav informatizácie, automatizácie a matematiky | ||
| 500 | |a Evid. číslo: FCHPT-5415-68704 | ||
| 910 | |a SCHK95 | ||
| 999 | |c 3198 |d 3198 | ||